00877cgm a22002893a 450000100090000000300040000900500170001300700100003000800410004001000170008102000180009803500150011604000290013104100130016004200100017305000290018308200190021210000270023124500410025825700110029926000330031030000100034370000440035394200440039795201290044199900170057013700503OSt20240905125515.0vf bbaho|040802s198u ua 100 vlara  a 2004636707 a9789391072834 a2004636707 aDLCcDLCdDLCeamimdDLC0 aarabfre alcode00aVaL 3410 (viewing copy) a892.736bMAH/M aMahfouz, Naguib91050400aMiramar /cNaguib Mahfouzbmalayalam aEgypt. aKerala :bGreen books,c2022 3232 p1 aMaḥfūẓ, Najīb,d1911-200699526 2ddccBKh892.736iMAH/Mk892.736mMAH/M 00102ddc40708FICaMESbMEScARBd2023-09-19l0o892.736 MAH/Mp42492r2023-09-19 14:02:07v295.00w2023-09-19yBKzGR5R4 c42280d42280